| 000 | 00447nam a2200157 i 4500 | ||
|---|---|---|---|
| 001 | 81946 | ||
| 003 | ES-MaACL | ||
| 007 | t| | ||
| 008 | 041108s1975 sp ||||1| spa d | ||
| 100 | 1 |
_aIglesias Selgas, Carlos. _965137 |
|
| 245 | 1 | 0 |
_aMañana, la Monarquía / _cCarlos Iglesias Selgas. |
| 260 |
_a[Madrid] : _bMirasierra, _c[1975] |
||
| 300 |
_a281 p. ; _c21 cm. |
||
| 852 |
_aES-MaACL _jE-8602 _bR.92886 |
||
| 852 |
_aES-MaACL _jE-7865 _bR.92345 |
||
| 999 |
_c81946 _d81946 |
||